Η δημιουργικότητα και η δημιουργική αφήγηση στην εκπαίδευση : (Record no. 9991)
[ view plain ]
| 000 -LEADER | |
|---|---|
| fixed length control field | 05050nam a22002417a 4500 |
| 003 - ΤΑΥΤΟΤΗΤΑ ΤΟΥ ΑΡΙΘΜΟΥ ΕΛΕΓΧΟΥ | |
| Πεδίο ελέγχου | GR-AtMCL |
| 005 - ΗΜΕΡΟΜΗΝΙΑ ΚΑΙ ΩΡΑ ΤΕΛΕΥΤΑΙΑΣ ΕΝΗΜΕΡΩΣΗΣ | |
| Πεδίο ελέγχου | 20251217112154.0 |
| 006 - FIXED-LENGTH DATA ELEMENTS--ADDITIONAL MATERIAL CHARACTERISTICS | |
| Πεδίο ελέγχου σταθερού μήκους | a|||||r||||||||||| |
| 008 - FIXED-LENGTH DATA ELEMENTS--GENERAL INFORMATION | |
| Πεδίο ελέγχου σταθερού μήκους | s2024||||gr |||||||||||||||||gre|d |
| 020 ## - ISBN | |
| ISBN | 9789606124785 |
| 040 ## - ΠΗΓΗ ΚΑΤΑΛΟΓΟΓΡΑΦΗΣΗΣ | |
| Φορέας πρωτότυπης καταλογογράφησης | MC Athens Campus Library |
| Γλώσσα καταλογογράφησης | Ελληνικά, Μοντέρνα (1453-) |
| Modifying agency | MC Athens Campus Library |
| 100 ## - MAIN ENTRY--PERSONAL NAME | |
| Personal name | Λαμπροπούλου, Νίκη |
| 9 (RLIN) | 10185 |
| 245 12 - ΤΙΤΛΟΣ ΚΑΙ ΔΗΛΩΣΗ ΥΠΕΥΘΥΝΟΤΗΤΑΣ | |
| Τίτλος | Η δημιουργικότητα και η δημιουργική αφήγηση στην εκπαίδευση : |
| Remainder of title | 9 βήματα για συνειδητοποίηση και δράση / |
| Statement of responsibility, etc. | Δρ. Νίκη Λαμπροπούλου |
| 250 ## - EDITION STATEMENT | |
| Edition statement | 1η έκδοση |
| 264 #1 - PRODUCTION, PUBLICATION, DISTRIBUTION, MANUFACTURE, AND COPYRIGHT NOTICE | |
| Place of production, publication, distribution, manufacture | Αθήνα : |
| Name of producer, publisher, distributor, manufacturer | Εκδόσεις Γρηγόρη, |
| Date of production, publication, distribution, manufacture, or copyright notice | 2024 |
| 300 ## - PHYSICAL DESCRIPTION | |
| Extent | 277 σελ. : |
| Other physical details | εικ. ; |
| Διαστάσεις | 24 εκ. |
| 500 ## - GENERAL NOTE | |
| Γενική σημείωση | Περιέχει πρόλογο από τον Σπύρο Κιοσσέ |
| 520 ## - SUMMARY, ETC. | |
| Summary, etc. | Το βιβλίο αυτό απευθύνεται σε φοιτητές των παιδαγωγικών επιστημών, κοινωνικής εργασίας και επικοινωνίας, σε εκπαιδευτικούς κάθε βαθμίδας, όπως και σε όσους εργάζονται σε δημιουργικά συλλογικά περιβάλλοντα όπου η αφήγηση συνδέεται άμεσα με τη δημιουργικότητα και τη μάθηση. Ταυτόχρονα, αποτελεί εισαγωγή σε πιο εξειδικευμένη γνώση, εκπαίδευση, έρευνα και επαγγελματικό προσανατολισμό. Το πρώτο μέρος αναφέρεται στη δημιουργικότητα ως μια πολύπλευρη γνωστική και συμπεριφορική διαδικασία που, με την υποστήριξη της διαφορετικότητας και της συμπερίληψης, επιτυγχάνει τη δημιουργία νέων ιδεών, εννοιών ή λύσεων επαυξάνοντας τη δυναμική σύνθεση της συλλογικής γνώσης, των δεξιοτήτων και των ικανοτήτων του ανθρώπου. Το δεύτερο μέρος αναφέρεται στη δημιουργική αφήγηση, την τέχνη της επικοινωνίας ιδεών, πεποιθήσεων, συναισθημάτων και εμπειριών με συναρπαστικό και ελκυστικό τρόπο, Η ιστορία είναι ένα δραματοποιημένο μάθημα που παραμένει στην αιωνιότητα μέσω της αφήγησης, των θεμάτων, του εξωτερικού και εσωτερικού ταξιδιού του ήρωα για την τελική του πορεία προς τη συμμετρία, την αφομοίωση του μαθήματος, τη συνειδητοποίηση και την κάθαρση. Η σχολική τάξη αποτελεί μικρογραφία της κοινωνίας και η γνώση οικοδομείται σε κοινωνικά πλαίσια, σε τυπικά, άτυπα και εναλλακτικά εκπαιδευτικά περιβάλλοντα που συνυπάρχουν. Ως εκ τούτου, το τρίτο μέρος συνθέτει τη δημιουργικότητα και τη δημιουργική και ψηφιακή αφήγηση με την κοινωνικοπολιτισμική μάθηση, και εδώ παρουσιάζεται το νέο διδακτικό μοντέλο της ζώνης της επικείμενης ροής με τις σχετικές παιδαγωγικές προσεγγίσεις. Αυτό το βιβλίο συμβάλλει στην επαγγελματική και προσωπική δια βίου μάθηση και εξέλιξη των εκπαιδευτικών και των επαγγελματιών που συμμετέχουν στη δημιουργική διαδικασία της αφήγησης. Επίσης είναι βοήθημα για τους μαθητές, τους γονείς, τους φοιτητές και τους ερευνητές ως συνδιαμορφωτές των συλλογικών, μαθησιακών αυτών οικοσυστημάτων. Έτσι αποτελεί σημαντικό εργαλείο στην προσωπική τους εργαλειοθήκη με εννέα βήματα και καλές πρακτικές για τη δημιουργική αφήγηση και την ψηφιακή αφήγηση, και ταυτόχρονα την ανάλυση, τον σχεδιασμό, την ανάπτυξη, την αξιολόγηση και την υποστήριξη δημιουργικών κοινωνικοπολιτισμικών περιβαλλόντων. |
| 650 #0 - SUBJECT ADDED ENTRY--TOPICAL TERM | |
| Topical term or geographic name entry element | Εκπαίδευση |
| 9 (RLIN) | 9953 |
| 650 #0 - SUBJECT ADDED ENTRY--TOPICAL TERM | |
| Topical term or geographic name entry element | Αφήγηση ιστοριών στην εκπαιδευση |
| 9 (RLIN) | 10186 |
| 942 ## - ADDED ENTRY ELEMENTS (KOHA) | |
| Koha item type | Books |
| Τύπος τεκμηρίου | Βιβλιοθήκη | Τρέχουσα τοποθεσία | Barcode | Αριθμός εισαγωγής | Ημερομηνία απόκτησης | Ταξιθετικό σύμβολο | Αριθμός αντιτύπου | Κατάσταση απόσυρσης | Κατάσταση χαμένου | Κατάσταση κατεστραμμένου | Μη δανεισμός | Σύνολο δανεισμών | Ημερομηνία τελευταίας εμφάνισης | Η τιμή ισχύει από |
|---|---|---|---|---|---|---|---|---|---|---|---|---|---|---|
| Books | MC Athens Campus Library | MC Athens Campus Library | 9780000099952 | 8193 | 17/12/2025 | 370.118 ΛΑΜ | 1 | 17/12/2025 | 17/12/2025 |